000
00303nam a22001337a 4500
008
170814b xxu||||| |||| 00| 0 eng d
020
_a
0387906045
041
_a
eng
080
_a
51
100
_a
36
101
_a
MAT
245
_a
NEW DIRECTIONS IN APPLIED MATHEMATICS
_c
HILTON,P.J
942
_2
udc
_c
BK
999
_c
23399
_d
23399